LIBRARY & INFORMATION CENTRE, KCAET, TAVANUR

ONLINE PUBLIC ACCESS CATALOGUE (OPAC)

Engineering science / (Record no. 1575)

MARC details
000 -LEADER
fixed length control field 00430cam a2200181ua 4500
041 ## - LANGUAGE CODE
Language code of text/sound track or separate title eng
082 ## - DEWEY DECIMAL CLASSIFICATION NUMBER
Classification number 620
Item number BRO/EN
100 ## - MAIN ENTRY--AUTHOR NAME
Personal name Brown, H B .
245 ## - TITLE STATEMENT
Title Engineering science /
260 ## - PUBLICATION, DISTRIBUTION, ETC. (IMPRINT)
Place of publication London :
Name of publisher McMillon & Co Ltd ,
Year of publication 1961.
300 ## - PHYSICAL DESCRIPTION
Number of Pages 403 ; .
700 1# - ADDED ENTRY--PERSONAL NAME
Personal name Bryant, A J .
942 ## - ADDED ENTRY ELEMENTS (KOHA)
Koha item type Books
Holdings
Withdrawn status Lost status Damaged status Home library Current library Date acquired Full call number Accession Number Koha item type Public note
      KAUAET KAUAET 07/04/2012 620 BRO/EN 3826 Books  
Withdrawn     KAUAET KAUAET 07/04/2012 620 BRO/EN 3828 Books Deleted
      KAUAET KAUAET 07/04/2012 620 BRO/EN 3827 Books  
free website counter